Lewis Adult Health Nursing I with Integrated Pathophysiology Vol.1 (Record no. 370811)

MARC details
000 -LEADER
fixed length control field 00683nam a2200217 4500
005 - DATE AND TIME OF LATEST TRANSACTION
control field 20260330141256.0
008 - FIXED-LENGTH DATA ELEMENTS--GENERAL INFORMATION
fixed length control field 260330b |||||||| |||| 00| 0 eng d
020 ## - INTERNATIONAL STANDARD BOOK NUMBER
International Standard Book Number 978-81-312-6923-7
041 ## - LANGUAGE CODE
Language code of text/sound track or separate title English
082 ## - DEWEY DECIMAL CLASSIFICATION NUMBER
Edition number 5th.ed (SAE)
Classification number MS 610.73677 CHI 12903
100 ## - MAIN ENTRY--PERSONAL NAME
Author Chintamani
245 ## - TITLE STATEMENT
Title Lewis Adult Health Nursing I with Integrated Pathophysiology Vol.1
250 ## - EDITION STATEMENT
Edition statement 5th ed. (SAE)
260 ## - PUBLICATION, DISTRIBUTION, ETC.
Place of publication, distribution, etc. New Delhi
Name of publisher, distributor, etc. Elsevier
Date of publication, distribution, etc. 2025
300 ## - PHYSICAL DESCRIPTION
Extent xxviii,1342p.A19p
Other physical details pb
Dimensions 27.5x21cm
365 ## - TRADE PRICE
Price type code Rupaye
Price amount 1487.5
Currency code INR
500 ## - GENERAL NOTE
Keywords Medical Surgical Nursing
650 ## - SUBJECT ADDED ENTRY--TOPICAL TERM
Topical term or geographic name entry element Medical Surgical Nursing
651 ## - SUBJECT ADDED ENTRY--GEOGRAPHIC NAME
Geographic name Medical Surgical Nursing
942 ## - ADDED ENTRY ELEMENTS (KOHA)
Koha item type Book Bank
Holdings
Withdrawn status Lost status Source of classification or shelving scheme Damaged status Not for loan Home library Current library Date acquired Vendor Net Price Bill number Total Checkouts Full call number Barcode Date last seen Discount Actual Price Bill Date Koha item type Original Barcode
    Dewey Decimal Classification     Smt. Bakul Tambat Institute of Nursing Education Smt. Bakul Tambat Institute of Nursing Education 25/03/2026 Sai Book Collection 966.87 SB/IN/2193   MS 610.73677 CHI 12903 BTIN-BK-12903 30/03/2026 35% 1487.50 20/03/2026 Book Bank BTIN-BK-12903
    Dewey Decimal Classification     Smt. Bakul Tambat Institute of Nursing Education Smt. Bakul Tambat Institute of Nursing Education 25/03/2026 Sai Book Collection 966.87 SB/IN/2193   MS 610.73677 CHI 12904 BTIN-BK-12904 30/03/2026 35% 1487.50 20/03/2026 Book Bank BTIN-BK-12904
    Dewey Decimal Classification     Smt. Bakul Tambat Institute of Nursing Education Smt. Bakul Tambat Institute of Nursing Education 25/03/2026 Sai Book Collection 966.87 SB/IN/2193   MS 610.73677 CHI 12905 BTIN-BK-12905 30/03/2026 35% 1487.50 20/03/2026 Book Bank BTIN-BK-12905
    Dewey Decimal Classification     Smt. Bakul Tambat Institute of Nursing Education Smt. Bakul Tambat Institute of Nursing Education 25/03/2026 Sai Book Collection 966.87 SB/IN/2193   MS 610.73677 CHI 12906 BTIN-BK-12906 30/03/2026 35% 1487.50 20/03/2026 Book Bank BTIN-BK-12906
    Dewey Decimal Classification     Smt. Bakul Tambat Institute of Nursing Education Smt. Bakul Tambat Institute of Nursing Education 25/03/2026 Sai Book Collection 966.87 SB/IN/2193   MS 610.73677 CHI 12907 BTIN-BK-12907 30/03/2026 35% 1487.50 20/03/2026 Book Bank BTIN-BK-12907
    Dewey Decimal Classification     Smt. Bakul Tambat Institute of Nursing Education Smt. Bakul Tambat Institute of Nursing Education 25/03/2026 Sai Book Collection 966.87 SB/IN/2193   MS 610.73677 CHI 12908 BTIN-BK-12908 30/03/2026 35% 1487.50 20/03/2026 Book Bank BTIN-BK-12908
    Dewey Decimal Classification     Smt. Bakul Tambat Institute of Nursing Education Smt. Bakul Tambat Institute of Nursing Education 25/03/2026 Sai Book Collection 966.87 SB/IN/2193   MS 610.73677 CHI 12909 BTIN-BK-12909 30/03/2026 35% 1487.50 20/03/2026 Book Bank BTIN-BK-12909
    Dewey Decimal Classification     Smt. Bakul Tambat Institute of Nursing Education Smt. Bakul Tambat Institute of Nursing Education 25/03/2026 Sai Book Collection 966.87 SB/IN/2193   MS 610.73677 CHI 12910 BTIN-BK-12910 30/03/2026 35% 1487.50 20/03/2026 Book Bank BTIN-BK-12910
    Dewey Decimal Classification     Smt. Bakul Tambat Institute of Nursing Education Smt. Bakul Tambat Institute of Nursing Education 25/03/2026 Sai Book Collection 966.87 SB/IN/2193   MS 610.73677 CHI 12911 BTIN-BK-12911 30/03/2026 35% 1487.50 20/03/2026 Book Bank BTIN-BK-12911
    Dewey Decimal Classification     Smt. Bakul Tambat Institute of Nursing Education Smt. Bakul Tambat Institute of Nursing Education 25/03/2026 Sai Book Collection 966.87 SB/IN/2193   MS 610.73677 CHI 12912 BTIN-BK-12912 30/03/2026 35% 1487.50 20/03/2026 Book Bank BTIN-BK-12912